Výzkumná ekonomicko-matematická pracoviště v nových podmínkách.

Projekt činnosti ekonomicko-matematického pracoviska vo výskume, ktoré by vytvorilo exaktné metodické a výsledkové vyjadrenie ekonomických skutočností. Vypracovanie mikromakromodelov. Prognostické a projekčné použitie matematických metód.

Guardado en:
Detalles Bibliográficos
Autor principal: Froněk, P.
Formato: Capítulo de libro
Lenguaje:checo
Materias:
Etiquetas: Agregar Etiqueta
Sin Etiquetas, Sea el primero en etiquetar este registro!

MARC

LEADER 00000naa a2200000 4500
001 r003673
005 20221125081654.7
041 0 |a cze 
044 |a [CS] 
245 1 0 |a Výzkumná ekonomicko-matematická pracoviště v nových podmínkách.  |c P. Froněk 
520 |a Projekt činnosti ekonomicko-matematického pracoviska vo výskume, ktoré by vytvorilo exaktné metodické a výsledkové vyjadrenie ekonomických skutočností. Vypracovanie mikromakromodelov. Prognostické a projekčné použitie matematických metód. 
610 2 0 |a výskum 
610 2 0 |a metódy matematické 
610 2 0 |a modely ekonomicko-matematické 
610 2 0 |a projekty 
610 2 0 |a modely rovnováhy 
100 1 |a Froněk, P.